书目信息 |
| 题名: |
会说话的畅销书
|
|
| 作者: | 赫尔曼 , 赫尔曼 著 ;陈梅玥 译 | |
| 分册: | ||
| 出版信息: | 北京 人民日报出版社 2020.06 |
|
| 页数: | 240页 | |
| 开本: | 22cm | |
| 丛书名: | ||
| 单 册: | ||
| 中图分类: | G232.1 | |
| 科图分类: | ||
| 主题词: | 图书--tu shu--选题计划(编辑工作)--应用文--写作 | |
| 电子资源: | ||
| ISBN: | 978-7-5115-6261-6 | |
| 000 | 01302nam0 2200277 450 | |
| 001 | 0109110044 | |
| 005 | 20201109110333.0 | |
| 010 | @a978-7-5115-6261-6@b精装@dCNY65.80 | |
| 100 | @a20200911d2020 em y0chiy50 ea | |
| 101 | 1 | @achi@ceng |
| 102 | @aCN@b110000 | |
| 105 | @aak z 000yy | |
| 106 | @ar | |
| 200 | 1 | @a会说话的畅销书@Ahui shuo hua de chang xiao shu@dA best-seller of words@e如何写好图书策划案@f(美)杰夫·赫尔曼, 黛博拉·莱文·赫尔曼著@g陈梅玥译@zeng |
| 210 | @a北京@c人民日报出版社@d2020.06 | |
| 215 | @a240页@c图@d22cm | |
| 330 | @a本书以教你如何策划一本畅销书为主要内容。从最初的选题立意、为图书定名,到介绍图书策划案的涵义、结构,再进一步阐述如何建立数字化足迹和平台,最后为读者提供8份切实可行的图书策划案作参考,面面俱到。全方位教会读者如何完美地策划一本畅销书。本书不仅向读者提供了策划畅销书的理论知识,还通过举例论证,逐一证实了书中论点的可行性。 | |
| 510 | 1 | @aBest-seller of words@zeng |
| 517 | 1 | @a如何写好图书策划案@Aru he xie hao tu shu ce hua an |
| 606 | 0 | @a图书@Atu shu@x选题计划(编辑工作)@x应用文@x写作 |
| 690 | @aG232.1@v5 | |
| 701 | 1 | @c(美)@a赫尔曼@Ahe er man@gHerman, Jeff@4著 |
| 701 | 1 | @c(美)@a赫尔曼@Ahe er man@gHerman, Deborah Levine@4著 |
| 702 | 0 | @a陈梅玥@Achen mei yue@4译 |
| 801 | 0 | @aCN@bBJSZM@c20201103 |
| 905 | @b1265271-5@dG232.1@e117@f5 | |
| 会说话的畅销书=A best-seller of words:如何写好图书策划案/(美)杰夫·赫尔曼, 黛博拉·莱文·赫尔曼著/陈梅玥译.-北京:人民日报出版社,2020.06 |
| 240页:图;22cm |
| ISBN 978-7-5115-6261-6(精装):CNY65.80 |
| 本书以教你如何策划一本畅销书为主要内容。从最初的选题立意、为图书定名,到介绍图书策划案的涵义、结构,再进一步阐述如何建立数字化足迹和平台,最后为读者提供8份切实可行的图书策划案作参考,面面俱到。全方位教会读者如何完美地策划一本畅销书。本书不仅向读者提供了策划畅销书的理论知识,还通过举例论证,逐一证实了书中论点的可行性。 |
| ● |
| 相关链接 |
|
|
|
|
正题名:会说话的畅销书
索取号:G232.1/117
 
预约/预借
| 序号 | 登录号 | 条形码 | 馆藏地/架位号 | 状态 | 备注 |
| 1 | 1265271 | 212652716 | 第一样本阅览室/ [索取号:G232.1/117] | 在馆 | |
| 2 | 1265272 | 212652725 | 教育系资料室/ [索取号:G232.1/117] | 在馆 | |
| 3 | 1265273 | 212652734 | 教育系资料室/ [索取号:G232.1/117] | 在馆 | |
| 4 | 1265274 | 212652743 | 第四借阅区/ [索取号:G232.1/117] | 在馆 | |
| 5 | 1265275 | 212652752 | 第四借阅区/ [索取号:G232.1/117] | 在馆 |